A history of Greece to the death of Alexander the Great / (Record no. 179261)

MARC details
000 -LEADER
fixed length control field 00685nam a22002177a 4500
005 - DATE AND TIME OF LATEST TRANSACTION
control field 20210603154746.0
010 ## - LCCN (DPL NO)
LC control number B-739969
020 ## - INTERNATIONAL STANDARD BOOK NUMBER
International Standard Book Number 9780333154939
035 ## - SYSTEM CONTROL NUMBER
System control number B-739969
037 ## - SOURCE OF ACQUISITION
Source of stock number/acquisition Gift
082 ## - DEWEY DECIMAL CLASSIFICATION NUMBER
Classification number 949.5
100 ## - MAIN ENTRY--PERSONAL NAME
Personal name Bury, J. B.
245 ## - TITLE STATEMENT
Title A history of Greece to the death of Alexander the Great /
Statement of responsibility, etc by J.B. Bury [and] Russell Meiggs
260 ## - PUBLICATION, DISTRIBUTION, ETC. (IMPRINT)
Place of publication, distribution, etc New York
Name of publisher, distributor, etc Palgrave
Date of publication, distribution, etc 1978
270 ## - ADDRESS
Address 175 Fifth Avenue
City New York
300 ## - PHYSICAL DESCRIPTION
Extent xix, 577p.
Dimensions 24cm(pbk)
500 ## - GENERAL NOTE
General note includes bibliographical references and index
700 ## - ADDED ENTRY--PERSONAL NAME
Personal name Meiggs, Russell
942 ## - ADDED ENTRY ELEMENTS (KOHA)
Source of classification or shelving scheme Dewey Decimal Classification
Item type English Books
Classification part 949.5
Call number suffix BUR
Holdings
Withdrawn status Lost status Not for loan Collection code Home library Current library Date acquired Source of acquisition Full call number Barcode Copy number Koha item type Public note
      Non-fiction Ashok Vihar Ashok Vihar 03/06/2021 Gift/Eng/03-05-2021 949.5 BUR B-739969 1 English Books Gift

© Delhi Public Library
Hit Counter
free hit counter